| 000 | 02838nam a2200337 a 4500 | ||
|---|---|---|---|
| 003 | DO-SdBNP | ||
| 005 | 20220711110124.0 | ||
| 007 | ta | ||
| 008 | 220711e2011 dr adocgre||| 00| 0 spa d | ||
| 020 | _a9789945452402, v.1 | ||
| 020 | _a9789945452501, v.2 | ||
| 020 | _a9789945452518, v.3 | ||
| 040 |
_aDO-SdBNP _bspa _cBNPHU |
||
| 082 | 4 |
_222 _bG2161e |
|
| 245 | 1 | 3 |
_aLa enciclopedia total del béisbol invernal dominicano. / _cFélix García Estrella; Prólogo, Felipe Payano; Fotografía, Carlos Alonzo, Manolito Jiménez |
| 260 |
_a[Santo Domingo] : _bNuevo Diario, _c2011 |
||
| 300 |
_a3 v. _bil., fotogrf., gráf., retr. _c27 cm. |
||
| 505 | 0 |
_av.1 _tIntroducción.-- _tEl autor.-- _tPrólogo.-- _tAgradecimiento.-- _t1. La pre- historia del béisbol.-- _t2. Historia de los equipos.-- _t3. Del "Macuto a los Millones".-- _t4. Los intelectuales y el béisbol dominicano.-- _t5. La Crónica deportiva y el béisbol. Un matrimonio sin divorcio.-- _t6. La promoción comercial y el béisbol.-- _t7. Los estadios tienen su historia.-- _t8. Campeonatos de la ciudad de Santo Domingo o "City Champ" _t9. La Liga dominicana del Béisbol profesional.-- _t10. El "Mercado Negro" también tiene su historia.-- _t11. Incidentes de nuestro béisbol.-- _t12. La expansión del béisbol profesional dominicano.-- _t13. Juegos Estrellas.-- _t14. Juegos interligas.-- _t15. Serie del Caribe y la calidad del béisbol dominicano.-- _t16. Resumen totoal de todos los torneos realizados en el país.-- _t17. Draft.-- _t18. Premiaciones deportivas.-- _t19. Efemérides.-- _tCambios. |
|
| 505 | 0 |
_av.2 _tPresentación.-- _t1. Líderes en juegos de apertura.-- _t2. Estadísticas ofensivas individuales.-- _t3. Estadísticas ofensivas colectivas.-- _t4. Estadísticas individuales de pitcheo.-- _t5. Estadísticas colectivas de pitcheo.-- _t6. Estadísticas defensivas individuales.-- _t7. Estadísticas defensivas colectivas.-- _t8. Misceláneos.-- _t9. Maneger.-- _t10. Series del Caribe.-- _t11. Sorteo de jugadores (DRAFT).-- _t12. Juegos interligas.-- _t13. Premiaciones.-- _t14. Apéndice (Los records).-- _t15. Índice alfabético de jugadores. |
|
| 505 | 0 |
_av.3 _tCapítulo 1 _t1. Refuerzos del béisbol dominicano distinguidos en Grandes Ligas.-- _tCapítulo 2 _tRecords sagrado del Béisbol Invernal dominicano.-- _tEstadísticas individuales bateadores.-- |
|
| 590 | _aInventariado 2022 / MF | ||
| 650 | 4 |
_953313 _aJugadores de Béisbol _xHistoria _zRepública Dominicana |
|
| 651 | 4 |
_911250 _aRepública Dominicana _vEnciclopedias |
|
| 651 | 4 |
_911251 _aRepública Dominicana _vEnciclopedias _xHistoria del Béisbol |
|
| 651 | 4 |
_aRepública Dominicana _vEnciclopedias _xEstadísticas _981984 |
|
| 700 | 1 |
_976422 _aPayano, Felipe, _epról. |
|
| 700 | 1 |
_aAlozo, Carlos, _efotogr. _981982 |
|
| 700 | 1 |
_aJiménez, Manolito, _efotogr. _981983 |
|
| 910 | _aMFeliz | ||
| 942 |
_2ddc _cLBS1 |
||
| 999 |
_c52169 _d52169 |
||